000 00282nam a2200121Ia 4500
008 190216s9999||||xx |||||||||||||| ||und||
100 _aErcih A Heafert
245 0 _aTechniques Of Financial Analysis
260 _bDjl Pub
_c1972
300 _a245p
650 _aCommerce
942 _cBK
999 _c4320
_d4320